000 00220nam a2200097Ia 4500
008 240331s9999 xx 000 0 und d
082 _bSRI
100 _aSrinivasan, A
245 0 _aKramappura paadalikalai nokki
942 _cL
999 _c2216
_d2216